| 000 | 01033aam a2200301 i 4500 | ||
|---|---|---|---|
| 001 | 768714001 | ||
| 003 | CO-MdFUSB | ||
| 005 | 20240222130034.0 | ||
| 007 | ta | ||
| 008 | 240222t1947 -us |||| |||| 00| 0 spa d | ||
| 040 | _cCO-MdFUSB | ||
| 041 | 0 | _aspa | |
| 082 | 0 | 4 |
_a264.23 _223 _bL9731h |
| 110 | _aConcordia Publishing House, | ||
| 245 | 1 | 0 |
_aHimnario evangélico luterano _c/ Concordia Publishing House |
| 250 | _aTercera edición | ||
| 264 | 1 |
_bConcordia Publishing House, _aSt. Louis, Mo. USA : _c[1947] |
|
| 264 | 4 | _c©1947 | |
| 300 |
_a171 páginas _c; 15 cm |
||
| 336 |
_atexto _btxt _2rdacontent |
||
| 337 |
_2rdamedia _asin mediación _bn |
||
| 338 |
_2rdacarrier _avolumen _bnc |
||
| 505 | _aApertura de los cultos. -- Por la noche. -- El Salvador. -- Adviento. -- Navidad. -- Pascua de resurrección. -- La Trinidad. -- Fiesta de la reforma. -- Acción de gracias. -- Fe y justificación. -- Ofertas de gratitud. | ||
| 563 | _aTapa dura | ||
| 653 | _aHimnos religiosos | ||
| 942 | _cBK | ||
| 945 | _aJTF-925 | ||
| 999 |
_c34060 _d34060 |
||